|
|
|
|
| LEADER |
00000nam0a2200000 4500 |
| 001 |
103366 |
| 005 |
20231101214459.0 |
| 010 |
|
|
|a 9201150792
|
| 035 |
|
|
|a (RuTPU)RU\TPU\book\111440
|
| 090 |
|
|
|a 103366
|
| 100 |
|
|
|a 20061016d1979 k y0rusy50 ba
|
| 101 |
0 |
|
|a eng
|
| 102 |
|
|
|a AT
|
| 105 |
|
|
|a y z 001zy
|
| 200 |
1 |
|
|a Calibration of dose meters used in radiotherapy : a manual sponsored by the IAEA and WHO
|f International Atomic Energy Agency
|
| 210 |
|
|
|a Vienna
|c International Atomic Energy Agency
|d 1979
|
| 215 |
|
|
|a 64 p.
|
| 225 |
1 |
|
|a Technical reports series
|v № 185
|
| 320 |
|
|
|9 572
|a References: p. 59.
|
| 320 |
|
|
|9 572
|a Bibliography: p. 59-60
|
| 606 |
1 |
|
|a Лучевая терапия
|2 stltpush
|3 (RuTPU)RU\TPU\subj\40648
|9 60491
|
| 610 |
1 |
|
|a медицинское оборудование
|
| 610 |
1 |
|
|a дозиметры
|
| 610 |
1 |
|
|a радиотерапия
|
| 610 |
1 |
|
|a ядерная физика
|
| 610 |
1 |
|
|a дозиметрия
|
| 610 |
1 |
|
|a измерительная техника
|
| 610 |
1 |
|
|a радиоактивные излучения
|
| 610 |
1 |
|
|a калибровка
|
| 610 |
1 |
|
|a лабораторное оборудование
|
| 610 |
1 |
|
|a эксплуатация
|
| 610 |
1 |
|
|a безопасность
|
| 610 |
1 |
|
|a английский язык
|
| 675 |
|
|
|a 615.84
|v 3
|
| 712 |
0 |
2 |
|a International Atomic Energy Agency
|4 570
|
| 801 |
|
1 |
|a RU
|b 63413507
|c 20061016
|g PSBO
|
| 801 |
|
2 |
|a RU
|b 63413507
|c 20221213
|g PSBO
|
| 942 |
|
|
|c BK
|